New powers to access information on empty homes (Record no. 83480)
[ view plain ]
| 000 -LEADER | |
|---|---|
| fixed length control field | 01012cad a22002175a 4500 |
| 001 - CONTROL NUMBER | |
| control field | E154072 |
| 008 - FIXED-LENGTH DATA ELEMENTS--GENERAL INFORMATION | |
| fixed length control field | 111011e20111007xxk 000 0 eng d |
| 035 ## - SYSTEM CONTROL NUMBER | |
| System control number | (Sirsi) u154072 |
| 041 0# - LANGUAGE CODE | |
| Language code of text/sound track or separate title | eng |
| 110 2# - MAIN ENTRY--CORPORATE NAME | |
| Corporate name or jurisdiction name as entry element | Shelter Scotland |
| 9 (RLIN) | 3573 |
| 245 00 - TITLE STATEMENT | |
| Title | New powers to access information on empty homes |
| Medium | [electronic resource] |
| 260 ## - PUBLICATION, DISTRIBUTION, ETC. | |
| Date of publication, distribution, etc. | 2011 |
| 490 ## - SERIES STATEMENT | |
| Series statement | Shelter Scotland News Release |
| Volume/sequential designation | 7 October 2011 |
| 520 ## - SUMMARY, ETC. | |
| Summary, etc. | The Housing (Scotland) Act 2010 S157 has now come into force. This allows local authorities to access more information about empty homes, enabling them to contact the owners and to bring empty properties back into use. |
| 590 ## - LOCAL NOTE (RLIN) | |
| Local note | KA |
| 650 24 - SUBJECT ADDED ENTRY--TOPICAL TERM | |
| Topical term or geographic name entry element | HOUSING (SCOTLAND) ACT 2010 S157 |
| 651 #4 - SUBJECT ADDED ENTRY--GEOGRAPHIC NAME | |
| Geographic name | Scotland |
| Chronological subdivision | 1999- |
| 690 ## - LOCAL SUBJECT ADDED ENTRY--TOPICAL TERM (OCLC, RLIN) | |
| Topical term or geographic name as entry element | PROPERTY-RESIDENTIAL PROPERTY-DOMESTIC RESIDENTIAL PROPERTY-HOUSING |
| 856 40 - ELECTRONIC LOCATION AND ACCESS | |
| Uniform Resource Identifier | <a href="https://scotland.shelter.org.uk/news/october_2011/new_powers_to_access_information_on_empty_homes">https://scotland.shelter.org.uk/news/october_2011/new_powers_to_access_information_on_empty_homes</a> |
| Public note | View the news release free of charge at http://scotland.shelter.org.uk |
| 942 ## - ADDED ENTRY ELEMENTS (KOHA) | |
| Suppress in OPAC | 0 |
| Withdrawn status | Lost status | Source of classification or shelving scheme | Damaged status | Not for loan | Home library | Current library | Shelving location | Date acquired | Total Checkouts | Full call number | Barcode | Date last seen | Copy number | Price effective from | Koha item type |
|---|---|---|---|---|---|---|---|---|---|---|---|---|---|---|---|
| Dewey Decimal Classification | Virtual | Virtual | Online | 11/10/2011 | ONLINE PUBLICATION | 154072-2001 | 06/08/2019 | 1 | 06/08/2019 | Journal article |